00331nam a2200133Ia 4500003000400000008004100004082001700045100002000062245004100082250000900123260003900132300000800171650001800179OSt191201s2005 xx 000 0 und d a650.076bJAB aJAFFE, Eugene D 0aBarron's How to Prepare for the GMAT a13th aNew DelhibGalgotia Pub. Pvtc2005 a579 aGeneral Books